[Event "Teteven op 32nd"]
[Site "Teteven"]
[Date "2018.08.17"]
[Round "7"]
[White "Agabekov, Saveliy"]
[Black "Varbanov, Varban"]
[Result "1/2-1/2"]
[WhiteElo "1822"]
[BlackElo "2030"]
[PlyCount "36"]
[EventDate "2018.08.11"]
[EventType "swiss"]
[EventRounds "9"]
[EventCountry "BUL"]
[SourceTitle "CBM 186 Extra"]
[Source "ChessBase"]
[SourceDate "2018.08.24"]
[SourceVersion "1"]
[SourceVersionDate "2018.08.24"]
[SourceQuality "1"]

1. e4 c5 2. Nf3 Nc6 3. Bb5 e6 4. Bxc6 bxc6 5. d3 d5 6. e5 Ne7 7. 0-0 Nf5 8. b3 Be7 9. Bb2 0-0 10. Nbd2 f6 11. Re1 Qc7 12. Nf1 Rb8 13. Ng3 Nxg3 14. hxg3 f5 15. Qe2 Ba6 16. c4 Qa5 17. Qd2 Qc7 18. Qe2 Rfc8 1/2-1/2

[Event "Teteven op 32nd"]
[Site "Teteven"]
[Date "2018.08.15"]
[Round "5"]
[White "Agabekov, Saveliy"]
[Black "Burdarev, Evgeni"]
[Result "0-1"]
[WhiteElo "1822"]
[BlackElo "1940"]
[PlyCount "62"]
[EventDate "2018.08.11"]
[EventType "swiss"]
[EventRounds "9"]
[EventCountry "BUL"]
[SourceTitle "CBM 186 Extra"]
[Source "ChessBase"]
[SourceDate "2018.08.24"]
[SourceVersion "1"]
[SourceVersionDate "2018.08.24"]
[SourceQuality "1"]

1. e4 e6 2. d4 d5 3. Nc3 Bb4 4. e5 c5 5. Qg4 Ne7 6. dxc5 Bxc3+ 7. bxc3 Qc7 8. Nf3 Qxc5 9. Bd2 Bd7 10. Bd3 h5 11. Qxg7 Rg8 12. Qf6 Nbc6 13. 0-0 0-0-0 14. Ng5 d4 15. cxd4 Qxd4 16. Be3 Qxe5 17. Qxe5 Nxe5 18. Ne4 Bc6 19. f3 Nf5 20. Bxa7 Nh4 21. Ng3 Nxd3 22. cxd3 f5 23. Rf2 Rxd3 24. Re1 f4 25. Nxh5 Nxf3+ 26. Rxf3 Rxf3 27. Kh1 Ra3 28. Bc5 Bxg2+ 29. Kg1 Bd5+ 30. Kf2 Rf3+ 31. Ke2 Rg2+ 0-1

[Event "Teteven op 32nd"]
[Site "Teteven"]
[Date "2018.08.12"]
[Round "2"]
[White "Stoyanov, Ognyan"]
[Black "Agabekov, Saveliy"]
[Result "0-1"]
[WhiteElo "1591"]
[BlackElo "1822"]
[PlyCount "150"]
[EventDate "2018.08.11"]
[EventType "swiss"]
[EventRounds "9"]
[EventCountry "BUL"]
[SourceTitle "CBM 186 Extra"]
[Source "ChessBase"]
[SourceDate "2018.08.24"]
[SourceVersion "1"]
[SourceVersionDate "2018.08.24"]
[SourceQuality "1"]

1. e4 d6 2. Nc3 Nf6 3. d3 e5 4. g3 Be7 5. Bg2 Nbd7 6. h3 c6 7. Nf3 0-0 8. 0-0 h6 9. Be3 d5 10. exd5 cxd5 11. Bd2 d4 12. Ne2 Qc7 13. Rc1 Qb6 14. Rb1 Bd6 15. Nh2 Nc5 16. b4 Na6 17. a3 Bf5 18. g4 Bg6 19. Ng3 Rac8 20. Re1 Nc7 21. Nf3 Rfe8 22. Nh4 Ncd5 23. Nhf5 Nc3 24. Bxc3 Rxc3 25. Ra1 Bb8 26. Re2 Kh7 27. Rd2 Bxf5 28. Nxf5 Qc7 29. Ng3 Rc8 30. Ra2 Qd7 31. Qf3 b6 32. Qf5+ Qxf5 33. Nxf5 g6 34. Ng3 Bd6 35. Ne4 Nxe4 36. Bxe4 a5 37. bxa5 bxa5 38. a4 Bb4 39. Re2 Kg7 40. Bd5 Kf6 41. Bc4 R3xc4 42. dxc4 Rxc4 43. Kg2 Bc3 44. Kf3 Ke6 45. Kg3 f5 46. f3 Kd5 47. Ra3 e4 48. Rb3 Rxa4 49. gxf5 gxf5 50. Rb5+ Kc4 51. Rxf5 e3 52. Rf8 Ra1 53. Rc8+ Kb4 54. f4 a4 55. Kf3 Rf1+ 56. Ke4 Rf2 57. Kd3 Rxf4 58. Rb8+ Ka3 59. Rxe3 dxe3 60. Kxc3 Rf3 61. Kd3 Rxh3 62. c4 e2+ 63. Kxe2 Rc3 64. Rh8 Rxc4 65. Rxh6 Rd4 66. Ke3 Rd7 67. Ke4 Kb3 68. Rh3+ Kb4 69. Ke3 a3 70. Rh4+ Kb3 71. Rh3 Kb2 72. Rh2+ Kb1 73. Rh1+ Kc2 74. Ke4 a2 75. Ke3 Ra7 0-1

[Event "EU School-ch U13"]
[Site "Budva"]
[Date "2017.06.13"]
[Round "3"]
[White "Skurniak, Szymon"]
[Black "Agabekov, Saveliy"]
[Result "1/2-1/2"]
[WhiteElo "1613"]
[BlackElo "1814"]
[PlyCount "119"]
[EventDate "2017.06.11"]
[EventType "swiss"]
[EventRounds "9"]
[EventCountry "MNE"]
[SourceTitle "EXT 2024"]
[Source "ChessBase"]
[SourceDate "2023.10.10"]
[SourceVersion "1"]
[SourceVersionDate "2023.10.10"]
[SourceQuality "1"]

1. e4 e5 2. Nf3 Nc6 3. Bb5 a6 4. Ba4 Nge7 5. c3 g6 6. d4 exd4 7. cxd4 b5 8. Bb3 Bg7 9. Bg5 0-0 10. 0-0 d6 11. Bd5 Bb7 12. Qc1 Qc8 13. Bxc6 Nxc6 14. d5 Ne5 15. Nxe5 Bxe5 16. f4 Bd4+ 17. Kh1 f5 18. Qd2 Bg7 19. Nc3 fxe4 20. Nxe4 Qf5 21. Nc3 Rae8 22. Rad1 h6 23. Bh4 g5 24. Bg3 b4 25. Na4 Re4 26. a3 gxf4 27. axb4 Rd4 28. Qe2 Qxd5 29. Nc3 Qe5 30. Qxe5 dxe5 31. Bf2 f3 32. g3 Rxd1 33. Rxd1 e4 34. Kg1 Re8 35. Be3 Bc6 36. Kf2 Rb8 37. Bc5 a5 38. Nd5 Bxd5 39. Rxd5 axb4 40. b3 Rb5 41. Rd8+ Kf7 42. Bd4 Bf6 43. Bxf6 Kxf6 44. Rd4 Ke5 45. Ke3 Kf5 46. Rxe4 Re5 47. g4+ Kf6 48. Kxf3 Rxe4 49. Kxe4 Kg5 50. Kf3 c5 51. Ke4 Kxg4 52. Kd5 Kh3 53. Kxc5 Kxh2 54. Kxb4 Kg2 55. Kc4 h5 56. b4 h4 57. b5 h3 58. b6 h2 59. b7 h1Q 60. b8Q 1/2-1/2